ბათუმის შოთა რუსთაველის სახელმწიფო უნივერსიტეტის ბიბლიოთეკა

ჯეინ ეარი : (ბიბ.ჩანაწერი № 47139)

000 -ლიდერი
ფიქსირებული სიგრძის საკონტროლო ველი 01472nam a2200277Ia 4500
001 - საკონტროლო ნომერი
საკონტროლო ველი 13997
003 - საკონტროლო ნომრის იდენტიფიკატორი
საკონტროლო ველი GE_BSU
005 - ბოლო ოპერაციის თარიღი და დრო
საკონტროლო ველი 20191122115947.0
008 - ფიქსირებული სიგრძის მონაცემთა ელემენტები - ზოგადი ინფორმაცია
ფიქსირებული სიგრძის საკონტროლო ველი 181216s2012||||ge |||||||||||||| ||geo||
020 ## - წიგნის საერთაშორისო სტანდარტული ნომერი
International Standard Book Number 9789941196836
040 ## - კატალოგიზაციის წყარო
Transcribing agency GE_BSU
041 ## - ენის კოდი
Language code of text/sound track or separate title geo
080 ## - უნივერსალური ათობითი კლასიფიკაციის ინდექსი
Universal Decimal Classification number 821.111-31 ბ-93
100 ## - მთავარი ჩანაწერი - პიროვნების სახელი
Personal name ბრონტე, შარლოტა
9 (RLIN) 5524
245 ## - ცნობა სათაურის შესახებ
Title ჯეინ ეარი :
Remainder of title [რომანი] /
Statement of responsibility, etc შარლოტა ბრონტე ; თამარ მაღრაძისა და ზეინაბ ხახანაშვილის თარგმანი ; ლექსები თარგმნა ინოლა გურგულიამ ; რედ. მაია ალუდაური.
264 ## - წარმოების, გამოცემის, დისტრიბუციის და სხვა ცნობები
გამოცემის, წარმოების, დისტრიბუციის... ადგილი თბილისი :
გამოცემის, წარმოების, დისტრიბუციის... სახელწოდება პალიტრა L,
გამოცემის, წარმოების, დისტრიბუციის... თარიღი 2012.
300 ## - ფიზიკური აღწერა
Extent 507 გვ. ;
Other physical details 22 სმ.
490 ## - სერიის ცნობა
Series statement 50 წიგნი, რომელიც უნდა წაიკითხო, სანამ ცოცხალი ხარ,
Volume number/sequential designation წ. 32
653 ## - INDEX TERM--UNCONTROLLED
Uncontrolled term რომანი
700 ## - ADDED ENTRY--PERSONAL NAME
Personal name მაღრაძე, თამარ
Relator term მთარგმნელი
9 (RLIN) 5525
700 ## - ADDED ENTRY--PERSONAL NAME
Personal name ხახანაშვილი, ზეინაბ
Relator term მთარგმნელი
9 (RLIN) 5526
700 ## - ADDED ENTRY--PERSONAL NAME
Personal name გურგულია, ინოლა
Relator term მთარგმნელი
9 (RLIN) 5527
700 ## - ADDED ENTRY--PERSONAL NAME
Personal name ალუდაური, მაია
Relator term რედაქტორი
9 (RLIN) 2096
942 ## - ADDED ENTRY ELEMENTS (KOHA)
Koha item type წიგნი
Source of classification or shelving scheme
ეგზემპლარები
ჩამოწერის სტატუსი დაკარგული ეგზემპლარის სტატუსი კლასიფიკაციის წყარო ან თაროზე გაწყობის სქემა დაზიანების სტატუსი არ გაიცემა მუდმივი მდებარეობა (დაცვის ადგილი) ამჟამინდელი ადგილსამყოფელი თაროზე განთავსების ადგილი შეძენის თარიღი ღირებულება, შესყიდვის ნორმალური ფასი სრული შენახვის შიფრი შტრიხკოდი ბოლო ოპერაციის თარიღი ეგზემპლარის მიმდევრობითი ნომერი (კეტერი?) ფასის ძალაში შესვლის თარიღი ეგზემპლარის სახეობა საჯარო შენიშვნა
          ბათუმის შოთა რუსთაველის სახელმწიფო უნივერსიტეტის მთავარი ბიბლიოთეკა ბათუმის შოთა რუსთაველის სახელმწიფო უნივერსიტეტის მთავარი ბიბლიოთეკა წიგნსაცავი 2018-12-17 12.00 821.111-31 ბ-93 27326 2018-12-17 27326 2018-12-17 წიგნი 12 ლ.
          ბათუმის შოთა რუსთაველის სახელმწიფო უნივერსიტეტის მთავარი ბიბლიოთეკა ბათუმის შოთა რუსთაველის სახელმწიფო უნივერსიტეტის მთავარი ბიბლიოთეკა წიგნსაცავი 2019-11-22 12.00 821.111-31 ბ-93 6818 2019-11-22 6818 2019-11-22 წიგნი 12 ლ.
          ბათუმის შოთა რუსთაველის სახელმწიფო უნივერსიტეტის მთავარი ბიბლიოთეკა ბათუმის შოთა რუსთაველის სახელმწიფო უნივერსიტეტის მთავარი ბიბლიოთეკა წიგნსაცავი 2019-11-22 12.00 821.111-31 ბ-93 6817 2019-11-22 6817 2019-11-22 წიგნი 12 ლ.